| 000 | 00452nam a2200157Ia 4500 | ||
|---|---|---|---|
| 003 | IN-BaIIA | ||
| 008 | 211028s9999 xx 000 0 eng d | ||
| 040 | _cIIA Library | ||
| 080 |
_a551.510.5 _bRAW |
||
| 100 |
_aRawer, K. _95849 |
||
| 245 | 0 |
_aWinds and turbulence in stratosphere mesosphere and ionosphere _cRawer K. |
|
| 260 |
_aAmsterdam _bNorth-Holland _c1968 |
||
| 300 | _av, 421p. | ||
| 650 | _aAstronomy and Astrophysics Thesaurus | ||
| 942 | _cBK | ||
| 999 |
_c3286 _d3286 |
||